Sociology :a global perspective (Record no. 2491)
[ view plain ]
| 000 -LEADER | |
|---|---|
| fixed length control field | 01373nam a2200169Ia 4500 |
| 020 ## - INTERNATIONAL STANDARD BOOK NUMBER | |
| ISBN | 0495008060 (pbk.) |
| 050 00 - CALL NUMBER | |
| Classification number | HM586 |
| Item number | .F47 2006 |
| 100 1# - AUTHOR | |
| Personal name | Ferrante-Wallace, Joan, |
| 245 10 - TITLE | |
| Title | Sociology :a global perspective |
| Statement of responsibility, etc | Joan Ferrante. |
| 250 ## - EDITION | |
| Edition statement | 6th ed. |
| 260 ## - PUBLICATION INFORMATION | |
| Place of publication | Belmont, CA : |
| Name of publisher | Thomson Wadsworth, |
| Year of publication | 2006. |
| 300 ## - DESCRIPTION | |
| Number of Pages | xxi, 651 p. : |
| Other physical details | ill. (some col.), col. maps ; |
| Dimensions | 26 cm. |
| 505 ## - FORMATTED CONTENTS NOTE | |
| Table of Content | 1. The Sociological Imagination <br/>2. Theoretical Perspectives: With Emphasis on the Republic of Mexico <br/>3. Research Methods in the Context of the Information Explosion: With Emphasis on Japan <br/>4. Culture: With Emphasis on the Republic of Korea <br/>5. Socialization: With Emphasis on Israel and the Occupied Territories <br/>6. Social Interaction and the Social Construction of Reality: With Emphasis on Zaire <br/>7. Organizations: With Emphasis on the Multinational Corporation in India <br/>8. Deviance, Conformity, and Social Control: With Emphasis on the People's Republic of China <br/>9. Social Stratification and the Effects of Race, Class, and Gender: With Emphasis on South Africa <br/>10. Population and Family Life: With Emphasis on Brazil <br/>11. Education: With Emphasis on the United States <br/>12. Religion: With Emphasis on the Republic of Lebanon <br/>13. Social Change: With Emphasis on the "New World Order." |
| 650 #0 - SUBJECTS | |
| Topical Term | Sociology. |
| 650 #0 - SUBJECTS | |
| Topical Term | Social history |
| 942 ## - ADDED ENTRY ELEMENTS (KOHA) | |
| Koha item type | Books |
| Withdrawn status | Lost status | Home library | Current library | Shelving location | Date acquired | Full call number | Accession Number | Koha item type |
|---|---|---|---|---|---|---|---|---|
| Methodist University Library Tema | Methodist University Library Tema | General Stacks | 15/02/2014 | HM586 .F47 2006 | 30350 | Books | ||
| Methodist University Library Tema | Methodist University Library Tema | General Stacks | 15/02/2014 | HM586 .F47 2006 | 30440 | Books |